000 01712cam a22003371i 4500
003 SA-RiAUC
005 20250917113324.0
008 250915s1999 le ao g 000 0 ara c
040 _aJO-IrJUST
_bara
_cSA-RiAUC
_erda
043 _aar-----
_aa-su---
050 1 4 _b.R37 1999
082 0 4 _a953.001
090 _a915.312104
_bر ي ز
100 1 _aريزفان، يغيم
_eمؤلف.
245 1 2 _aالحج قبل مئة سنة :
_bالصراع الدولي على الجزيرة العربية والعالم الإسلامي : الرحلة السرية للضابط الروسي عبد العزيز دولتشين إلى مكة المكرمة 1898-1899 : رواية وصفية بديعة للتاريخ والجغرافيا والسياسة والاجتماع والإدارة /
_cيغيم ريزفان.
250 _aالطبعة الثالثة.
264 1 _aبيروت :
_bدار التقريب بين المذاهب الإسلامية،
_c1999
300 _a351 صفحة :
_bجداول، صور
_c24 سم.
336 _aنص
_btxt
_2rdacontent
_3كتاب
337 _aبدون وسيط
_bn
_2rdamedia
338 _aمجلد
_bnc
_2rdacarrier
650 7 _aالحج
_xتاريخ
_2aucsh
650 7 _aالأماكن المقدسة الإسلامية
_zالسعودية
_2aucsh
651 7 _aالمدينة المنورة
_xوصف ورحلات
_2aucsh
651 7 _aالسعودية
_xتاريخ
_2aucsh
651 7 _aشبه الجزيرة العربية
_xتاريخ
_2aucsh
651 7 _aمكة المكرمة
_xوصف ورحلات
_2aucsh
651 7 _aشبه الجزيرة العربية
_xوصف ورحلات
_2aucsh
942 _2ddc
_cBOOK
_n0
949 _aSA-JeALM
_d250915
_umohamedma123
_n1
999 _c11834
_d11834